[Event "CRO-ch U11 Girls"]
[Site "Trogir"]
[Date "2022.06.24"]
[Round "5"]
[White "Hranilovic, Renata"]
[Black "Kosina, Helena"]
[Result "1-0"]
[WhiteElo "1712"]
[BlackElo "1851"]
[PlyCount "79"]
[EventDate "2022.06.22"]
[EventType "swiss"]
[EventRounds "9"]
[EventCountry "CRO"]
[SourceTitle "CBM 209 Extra"]
[Source "ChessBase"]
[SourceDate "2022.09.30"]
[SourceVersion "1"]
[SourceVersionDate "2022.09.30"]
[SourceQuality "1"]

1. Nf3 Nc6 2. g3 e5 3. e4 Nf6 4. d3 Bc5 5. Bg2 0-0 6. 0-0 d6 7. Re1 Ng4 8. h3 Nxf2 9. Qe2 Nxd3+ 10. Be3 Bxe3+ 11. Qxe3 Nxe1 12. Qxe1 Qf6 13. Nc3 Bxh3 14. Nd5 Qh6 15. Nxc7 Rfc8 16. Nxa8 Bxg2 17. Kxg2 Rxa8 18. Nh4 Ne7 19. Rd1 g5 20. Nf5 Nxf5 21. exf5 Qf6 22. g4 Rd8 23. Qe3 Rc8 24. c3 b6 25. Qh3 Rd8 26. Rh1 Qg7 27. f6 Qg6 28. Rf1 Qc2+ 29. Rf2 Qe4+ 30. Rf3 d5 31. Kg1 Qg6 32. Rf5 e4 33. Qe3 h6 34. Qd4 h5 35. Qe5 Re8 36. Qxe8+ Kh7 37. Qe5 hxg4 38. Rxg5 e3 39. Rxg6 Kxg6 40. Qxe3 1-0

[Event "CRO-ch U11 Girls"]
[Site "Trogir"]
[Date "2022.06.24"]
[Round "4"]
[White "Rilje, Lucija"]
[Black "Hranilovic, Renata"]
[Result "0-1"]
[WhiteElo "1717"]
[BlackElo "1712"]
[PlyCount "64"]
[EventDate "2022.06.22"]
[EventType "swiss"]
[EventRounds "9"]
[EventCountry "CRO"]
[SourceTitle "CBM 209 Extra"]
[Source "ChessBase"]
[SourceDate "2022.09.30"]
[SourceVersion "1"]
[SourceVersionDate "2022.09.30"]
[SourceQuality "1"]

1. e4 c5 2. Nf3 Nc6 3. d4 b6 4. d5 Nb4 5. c4 d6 6. a3 Na6 7. Be2 e5 8. Bg5 Nf6 9. Bxf6 gxf6 10. Nc3 Bd7 11. Rb1 f5 12. b4 f4 13. Rg1 Rg8 14. b5 Nc7 15. a4 a5 16. Bf1 h5 17. g3 Bg4 18. h3 Bd7 19. h4 f5 20. Bd3 fxg3 21. fxg3 f4 22. Kf2 Bg4 23. gxf4 exf4 24. Qe2 Be7 25. e5 Bxh4+ 26. Kf1 Bh3+ 27. Rg2 Bxg2+ 28. Kg1 Bxf3+ 29. Kh2 Bxe2 30. Bxe2 Qg5 31. Bxh5+ Qxh5 32. exd6 Bf6# 0-1

[Event "CRO-ch U11 Girls"]
[Site "Trogir"]
[Date "2022.06.23"]
[Round "3"]
[White "Hranilovic, Renata"]
[Black "Koksa, Agata"]
[Result "1-0"]
[WhiteElo "1712"]
[BlackElo "1054"]
[PlyCount "120"]
[EventDate "2022.06.22"]
[EventType "swiss"]
[EventRounds "9"]
[EventCountry "CRO"]
[SourceTitle "CBM 209 Extra"]
[Source "ChessBase"]
[SourceDate "2022.09.30"]
[SourceVersion "1"]
[SourceVersionDate "2022.09.30"]
[SourceQuality "1"]

1. Nf3 Nf6 2. g3 Nc6 3. Bg2 d5 4. 0-0 e6 5. d4 Bd6 6. Be3 0-0 7. Nbd2 Re8 8. c4 Ne7 9. c5 Bxg3 10. fxg3 Ng4 11. Bf2 c6 12. Qc2 Nf5 13. Qc3 Qf6 14. Ne5 Nxe5 15. dxe5 Qg6 16. Nf3 Nh6 17. Qd4 Ng4 18. Be3 Nxe3 19. Qxe3 h6 20. Nh4 Qg5 21. Qxg5 hxg5 22. Nf3 g4 23. Ng5 Rf8 24. Rf4 f6 25. Raf1 Bd7 26. exf6 Rxf6 27. Rxf6 gxf6 28. Rxf6 Rd8 29. Nxe6 Bxe6 30. Rxe6 Kf7 31. Re3 b6 32. b4 Rb8 33. h4 gxh3 34. Bxh3 bxc5 35. Rf3+ Kg6 36. bxc5 Rb1+ 37. Kf2 Rc1 38. Bf5+ Kg5 39. Bd7 Rxc5 40. Rf5+ Kg6 41. Re5 Kf6 42. Re6+ Kf7 43. Rxc6 Rxc6 44. Bxc6 d4 45. Bb5 Kf6 46. Bd3 Kg5 47. Kf3 a5 48. Bb5 Kf5 49. e3 dxe3 50. Kxe3 Kg4 51. a4 Kxg3 52. Kd4 Kf4 53. Kc5 Ke5 54. Kb6 Kd6 55. Kxa5 Kc7 56. Ka6 Kb8 57. Kb6 Ka8 58. Bc6+ Kb8 59. a5 Kc8 60. a6 Kd8 1-0